| 000 | 01207nam a2200145Ia 4500 | ||
|---|---|---|---|
| 008 | 240429s9999||||xx |||||||||||||| ||und|| | ||
| 041 | _aeng | ||
| 082 | _aPM/IVAT/20 | ||
| 100 | _aParliament of Ghana | ||
| 245 | 0 |
_aParliamentary Memorandum by the Minister for Finance on the Request for Approval for the Waiver of Import Duties, Import VAT, Import Getfund Levy, Import Nhil Levy, Exim Levy and Special Import Levy and Domestic VAT, Amounting to the Ghana Cedi Equivalent of US _29,687,818.90 for the Procurement of Materials , Equipment, Works and Services for the Nine State of the Art Technical and Vocational Training Institutes in Ghana. GOG Contract.2020 |
|
| 300 | _a6p | ||
| 650 |
_aParliamentary Memorandum by the Minister for Finance on the Request for Approval for the - Waiver of Import Duties, Import VAT, Import Getfund Levy, Import Nhil Levy, Exim Levy and Special Im - port Nhil Levy, Exim Levy and Special Import Levy and Domestic VAT, Amounting to the Ghana - Cedi Equivalent of US _29,687,818.90 for the Procurement of Materials , Equipment, Works and - Services for the Nine State of the Art Technical and Vocational Training Institutes in Ghana. GOG Co |
||
| 942 | _cMOU | ||
| 999 |
_c2136 _d2136 |
||